Les Pokémon de la 8G - Statistiques

Statistiques générales
  • Ce quiz a été pris 54 fois
  • Le résultat moyen est 63 sur 96
Statistiques - réponses
Numéro Nom % Correct
813 Flambino
91%
810 Ouistempo
91%
811 Badabouin
86%
822 Bleuseille
86%
823 Corvaillus
86%
814 Lapyro
86%
816 Larméléon
86%
821 Minisange
86%
815 Pyrobut
86%
890 Éthernatos
82%
812 Gorythmic
82%
818 Lézargus
82%
820 Rongrigou
82%
888 Zacian
82%
889 Zamazenta
82%
817 Arrozard
77%
869 Charmilly
77%
886 Dispareptil
77%
827 Goupilou
77%
887 Lanssorien
77%
832 Moumouflon
77%
831 Moumouton
77%
819 Rongourmand
77%
897 Spectreval
77%
898 Sylveroy
77%
874 Dolman
73%
885 Fantyrm
73%
859 Grimalin
73%
828 Roublenard
73%
849 Salarsen
73%
848 Toxizap
73%
893 Zarude
73%
861 Angoliath
68%
826 Astronelle
68%
896 Blizzeval
68%
868 Crèmy
68%
884 Duralugon
68%
903 Farfurex
68%
836 Fulgudog
68%
866 M. Glaquette
68%
835 Voltoutou
68%
875 Bekaglaçon
64%
873 Beldeneige
64%
863 Berserkatt
64%
830 Blancoton
64%
825 Coléodôme
64%
842 Dratatin
64%
860 Fourbelin
64%
824 Larvadar
64%
877 Morpeko
64%
841 Pomdrapi
64%
895 Regidrago
64%
894 Regieleki
64%
851 Scolocendre
64%
829 Tournicoton
64%
840 Verpom
64%
872 Frissonille
59%
900 Hachécateur
59%
870 Hexadron
59%
862 Ixon
59%
865 Palarticho
59%
892 Shifours
59%
854 Théffroi
59%
901 Ursaking
59%
891 Wushours
59%
905 Amovénus
55%
899 Cerbyllin
55%
837 Charbi
55%
846 Embrochet
55%
881 Galvagla
55%
880 Galvagon
55%
850 Grillepattes
55%
883 Hydragla
55%
882 Hydragon
55%
839 Monthracite
55%
902 Paragruel
55%
834 Torgamord
55%
838 Wagomine
55%
876 Wimessir
55%
856 Bibichut
50%
878 Charibari
50%
844 Dunaconda
50%
843 Dunaja
50%
847 Hastacuda
50%
833 Khélocrok
50%
845 Nigosier
50%
879 Pachyradjah
50%
855 Polthégeist
50%
904 Qwilpik
50%
858 Sorcilence
50%
867 Tutétékri
50%
871 Wattapik
50%
857 Chapotus
45%
853 Krakos
45%
852 Poulpaf
45%
864 Corayôme
41%
Aucun quiz correspondant
Distribution des résultats
% des personnes avec chaque résultat
Percentile par nombre de réponses
Votre historique - résultats
Vous n’avez pas pris ce quiz